000 00333pab a2200145 454500
008 180718b1984 xxu||||| |||| 00| 0 eng d
100 _aDesai, M.V
245 _aModern technology for small units
260 _c1984
300 _a385-6
362 _a8 Sept.
650 _aTechnology - India
773 _aCommerce
909 _a19152
999 _c19152
_d19152